000 00934nam0a22002531 4500
001 rc\2750561
005 20250529144708.0
035 _a(NLR Aleph) 006877472
090 _a7012017
_c7012017
100 _a20110915d1939 |||y0rusy50 ca
101 0 _arus
102 _aRU
105 _aa z |||||
200 1 _aТокарное дело
_eУчеб. пособие для сельхозучей
_fИнж.-мех. С. В. Ятченко
205 _a4-е изд.
210 _aМосква
_cСельхозгиз
_d1939
215 _a212 с.
_cил.
_d21 см.
225 1 _aУчебники и учебные пособия для подготовки сельскохозяйственных кадров массовой квалификации
700 1 _aЯтченко
_bС.В.
_gСемен Васильевич
801 0 _aRU
_bNLR
_gpsbo
801 1 _aRU
_bELAR
_2rusmarc
852 _aNLR
_j39-3/21
942 _cBOOK
980 _aNB